L'équipe de France de football - Statistiques

Statistiques générales
  • Ce quiz a été pris 409 fois
  • Le résultat moyen est 24 sur 26
Statistiques - réponses
Prénom Nom % Correct
Hugo Lloris
100%
N'Golo Kanté
99%
Antoine Griezmann
98%
Kylian Mbappé
98%
Raphaël Varane
98%
Karim Benzema
97%
Ousmane Dembélé
97%
Olivier Giroud
97%
Lucas Hernández
97%
Steve Mandanda
97%
Paul Pogba
97%
Kingsley Coman
96%
Presnel Kimpembe
96%
Benjamin Pavard
96%
Adrien Rabiot
95%
Mike Maignan
94%
Corentin Tolisso
94%
Marcus Thuram
93%
Jules Koundé
90%
Wissam Ben Yedder
89%
Kurt Zouma
86%
Thomas Lemar
84%
Moussa Sissoko
82%
Clément Lenglet
79%
Léo Dubois
77%
Lucas Digne
75%
Aucun quiz correspondant
Distribution des résultats
% des personnes avec chaque résultat
Percentile par nombre de réponses
Votre historique - résultats
Vous n’avez pas pris ce quiz